| 000 | 01249nam a2200337 a 4500 | ||
|---|---|---|---|
| 001 | 000112202 | ||
| 003 | CHAP | ||
| 005 | 20220329144250.0 | ||
| 008 | 160114s2015 mx sm |||||||spa d | ||
| 010 | _a108663 | ||
| 011 | _a109635 | ||
| 040 | _cCHAP | ||
| 090 | _aTesis | ||
| 100 | 1 |
_aAguazul Hernández, Estefana _9130380 |
|
| 245 | 1 | 0 |
_aEfecto de la salinidad en variables fenológicas en el cultivo de pimiento morrón (Capsicum annuum L.) _h[En línea] _cpor Estefana Aguazul Hernández. |
| 260 |
_aChapingo, Méx. : _bEl autor, _c2015. |
||
| 500 | _aPara ver el contenido del material haga clic en la liga | ||
| 502 | _aTesis (Agr. en Horticultura Protegida) -- UACH. Departamento de Fitotecnia | ||
| 590 |
_aBATCH _b00 _c20181121 _lUCH01 _h0758 |
||
| 590 |
_aE5765TAJ _b05 _c20160114 _lUCH01 _h1225 |
||
| 590 |
_aE5765TAJ _b05 _c20160114 _lUCH01 _h1226 |
||
| 590 |
_aE5765TAJ _b05 _c20160118 _lUCH01 _h0848 |
||
| 650 | 1 | 4 |
_aChile pimiento _xCrecimiento. _922475 |
| 650 | 1 | 4 |
_aChile pimiento _xCultivos hidropónicos. _9130382 |
| 650 | 1 | 4 |
_aChile pimiento _xEfecto de la sal. _9130381 |
| 856 |
_a1 _n0000049 |
||
| 856 |
_aFinding aid _uhttp://10.13.5.2/tesis/sist112202.pdf _zTeclea aquí |
||
| 901 | _aBK | ||
| 942 | _cTESIS | ||
| 942 | _n0 | ||
| 999 |
_c108663 _d108663 |
||